• 首页
  • 本馆介绍
  • 公告通知
  • 最新文献
  • 馆藏检索
  • 电子资源
  • 读者导购
  • 参考咨询
  • 我的图书馆
  • 登录
  • 详细信息显示
  • 放入我的书架
  • 预约/预借图书
  • 作者相关作品
  • 分类相关作品
  • 丛书相关作品
  • 出版社相关作品

书目信息

  • 表格格式
  • 工作单格式
  • 卡片格式
题名:
特殊教育学校学生康复与训练
    
 
作者: 黄建行 , 雷江华 主编
分册:  
出版信息: 北京   北京大学出版社  2014.01
页数: 471页
开本: 23cm
丛书名: 特殊学校教育·康复·职业训练丛书
单 册:
中图分类: R49 , G76
科图分类:
主题词: 特殊教育--康复训练 , 特殊教育 , 康复训练
电子资源:
ISBN: 978-7-301-23519-5
000 01090oam2 2200313 450
001 0120141211864
005 20160516095203.62
010    @a978-7-301-23519-5@dCNY59.00
100    @a20140128d2014 em y0chiy0110 ea
101 0  @achi
102    @aCN@b110000
105    @ak z 000yy
106    @ar
200 1  @a特殊教育学校学生康复与训练@9te shu jiao yu xue xiao xue sheng kang fu yu xun lian@f黄建行,雷江华主编
210    @a北京@c北京大学出版社@d2014.01
215    @a471页@d23cm
225 2  @a特殊学校教育·康复·职业训练丛书
330    @a本书内容包括:特殊教育学校学生康复的概述;特殊教育学校学生康复的体系;特殊教育学校学生康复的设施设备建设等。
333    @a本书为各基层特殊教育学校、高等院校特殊教育及其相关专业研究生、本科生等提供参考
461  0 @12001 @a特殊学校教育·康复·职业训练丛书
606 0  @a特殊教育@x康复训练
606 0  @a特殊教育
606 0  @a康复训练
690    @aR49@v5
690    @aG76@v5
701  0 @a黄建行@9huang jian hang@4主编
701  0 @a雷江华@9lei jiang hua@4主编
801  0 @aCN@b人天书店@c20140128
905    @b877864-69@dR49@e101@f6
    
    特殊教育学校学生康复与训练/黄建行,雷江华主编.-北京:北京大学出版社,2014.01
    471页;23cm.-(特殊学校教育·康复·职业训练丛书)
    使用对象:本书为各基层特殊教育学校、高等院校特殊教育及其相关专业研究生、本科生等提供参考
    
    ISBN 978-7-301-23519-5:CNY59.00
    本书内容包括:特殊教育学校学生康复的概述;特殊教育学校学生康复的体系;特殊教育学校学生康复的设施设备建设等。
●
相关链接 在E读中查询图书 在五车中查询图书 在当当中查询图书 在豆瓣中查询图书


正题名:特殊教育学校学生康复与训练     索取号:R49/101         预约/预借

序号 登录号 条形码 馆藏地/架位号 状态 备注
1 877864   208778642   第二样本阅览室/ [索取号:R49/101] 在馆    
2 877865   208778651   教育系资料室/ [索取号:R49/101] 在馆    
3 877866   208778660   教育系资料室/ [索取号:R49/101] 在馆    
4 877867   208778679   教育系资料室/ [索取号:R49/101] 在馆    
5 877868   208778688   第三借阅区/ [索取号:R49/101] 在馆    
6 877869   208778697   第三借阅区/ [索取号:R49/101] 在馆    
唐山师范学院图书馆 欢迎您!
大连网信软件有限公司© 版权所有